| 000 | 00901nam a2200265 i 4500 | ||
|---|---|---|---|
| 001 | 14347 | ||
| 003 | ES-MaACL | ||
| 005 | 20250820063021.0 | ||
| 007 | t| | ||
| 008 | 990223s1998 sp a |||| | spa d | ||
| 020 | _a84-7782-586-6 | ||
| 080 | _a75 Villá, Miguel (064.3) | ||
| 100 | 1 |
_aVillà, Miquel, _d1901-1988 _9145648 |
|
| 245 | 1 | 0 |
_aMiguel Villá _b: [exposición] : Centro Cultural del Conde Duque / _cJavier Tusell, Antonio Urrutia. |
| 260 |
_aMadrid : _bCentro Cultural del Conde Duque, _c1998. |
||
| 300 |
_a109 p. : _bil. ; _c28 cm. |
||
| 600 | 1 | 7 |
_aVillà, Miquel, _d1901-1988- _vExposiciones _2 _9154436 |
| 655 | 7 |
_2tgfbne _9193628 _aCatálogos de exposiciones |
|
| 700 | 1 |
_aTusell, Javier. _9111767 |
|
| 700 | 1 |
_aUrrutia, Antonio. _9112241 |
|
| 710 | 2 |
_aCentro Cultural del Conde Duque. _92579 |
|
| 852 |
_aES-MaACL _jL-21696 |
||
| 942 | _2udc | ||
| 999 |
_c14347 _d14347 |
||